| 000 | 02129cam a2200361 a 4500 | ||
|---|---|---|---|
| 001 | 16940468 | ||
| 005 | 20170105102912.0 | ||
| 008 | 110830r20112011nyua b 001 0 eng c | ||
| 010 | _a 2011937790 | ||
| 020 | _a9780374208387 | ||
| 020 | _a0374208387 | ||
| 035 | _a(OCoLC)ocn759161715 | ||
| 040 |
_aTXB _beng _cTXB _dTXB _dZAD _dBTCTA _dYDXCP _dOCLCQ _dABG _dORX _dAFQ _dMOF _dDLC |
||
| 042 | _apcc | ||
| 050 | 0 | 0 |
_aHD9743.A2 _bF45 2011 |
| 082 | 0 | 0 |
_a382/.456234 _223 |
| 100 | 1 |
_aFeinstein, Andrew, _d1964- |
|
| 245 | 1 | 4 |
_aThe shadow world : _binside the global arms trade / _cAndrew Feinstein. |
| 250 | _a1st American ed. | ||
| 260 |
_aNew York : _bFarrar, Straus and Giroux, _c2011. |
||
| 300 |
_axxx, 672 p. : _bill. ; _c24 cm. |
||
| 500 | _aOriginally published: London : Hamish Hamilton, 2011. | ||
| 504 | _aIncludes bibliographical references (p. [537]-641) and index. | ||
| 505 | 0 | _aThe second-oldest profession. Sins of commission ; The Nazi connection -- Nice work if you can get it. The Saudi connection ; In defence of humanity ; The ultimate deal or the ultimate crime? ; Diamonds and arms ; Buckling to Bandar ; And justice for none? -- Business as usual. Things fall apart-- with help from BAE ; After the Wall : capitalism, BAE-style ; The ultimate cop-out -- The arms superpower. Legal bribery ; In the name of Uncle Sam ; Taking the mickey, the toilet seat, and the hammer-- in a galaxy far, far away ; Illegal bribery ; Beyond Utopia, hope? ; America's shop window ; Making a killing : Iraq and Afghanistan -- The killing fields. Cry, the beloved continent -- End game. Bringing peace to the world ; Future imperfect. | |
| 650 | 0 | _aArms transfers. | |
| 650 | 0 | _aIllegal arms transfers. | |
| 650 | 0 | _aDefense industries. | |
| 856 | 4 | 2 |
_3Contributor biographical information _uhttp://www.loc.gov/catdir/enhancements/fy1208/2011937790-b.html |
| 856 | 4 | 2 |
_3Publisher description _uhttp://www.loc.gov/catdir/enhancements/fy1208/2011937790-d.html |
| 906 |
_a7 _bcbc _cpccadap _d2 _eepcn _f20 _gy-gencatlg |
||
| 942 |
_2ddc _cBK |
||
| 999 |
_c15158 _d15158 |
||